000 00421cam a2200181ua 4500
001 5234
008 120306n ii |||gr||||Z||||||eng
020 _a81-86423-18-4
040 _cMAIN
082 _a821
100 _aYeats, W. B.,
_eAuthor.
245 1 1 _aSelected poetry
_cby W. B. Yeats
250 _a1st.
260 _aDelhi:
_bBook Land,
_c2006.
300 _a232p:
_c23cm.
653 _aEnglish poetry
942 _cBK
999 _c4416
_d4416